Paroles Rodé So La Lune - Statistiques

Statistiques générales
  • Ce quiz a été pris 185 fois
  • Le résultat moyen est 345 sur 495
Statistiques - réponses
Hint Réponse % Correct
tu
97%
à
96%
a
96%
Que
95%
ce
94%
de
94%
De
94%
faire
94%
Faire
94%
G
94%
Li
94%
grand
93%
se
93%
des
92%
quand
92%
sera
92%
J
91%
le
91%
Le
91%
voeu
91%
Couplet 1 Qu'est
90%
Compter
89%
les
89%
liasses
89%
ma
88%
veux
87%
ca
85%
Pré-Refrain Ca
85%
ça
85%
masques
83%
Couplet 2 O
83%
tomber
83%
seras
82%
et
81%
Et
81%
par
81%
pas
81%
sa
81%
la
80%
80%
rodé
80%
est
79%
Moi
78%
moi
78%
on
78%
On
78%
te
78%
au
77%
j'ai
76%
juge
76%
mon
76%
Mon
76%
parle
76%
parlé
76%
en
75%
En
75%
Toi
75%
toi
75%
Si
74%
si
74%
deux
73%
j'en
73%
J'suis
73%
j'suis
73%
salope
73%
tout
72%
aux
71%
jamais
71%
un
71%
C'est
70%
c'est
70%
dans
70%
p'tite
70%
t'as
70%
cartouché
69%
comme
69%
janvier
69%
mais
69%
Mais
69%
passera
69%
tête
69%
teu
69%
drogue
68%
seul
68%
bleus
67%
mère
67%
négro
67%
qu'tu
67%
traitres
67%
décembre
66%
depuis
66%
qui
66%
ai
65%
envoie
65%
masses
65%
calé
64%
love
64%
famille
63%
jaune
63%
l'âge
63%
l'temps
63%
nous
63%
Papa
63%
prend
63%
rend
63%
teubé
63%
beuh
62%
plans
62%
pour
62%
bec
61%
comment
61%
paré
61%
créateur
60%
jeu
60%
pire
60%
renards
60%
peut
59%
du
58%
lion
58%
pitié
58%
ciel
57%
m'entends
57%
cas
56%
pull
56%
tant
56%
teuteu
56%
up
56%
J'disais
55%
J'vais
55%
j'vais
55%
pierres
55%
s'ra
55%
Carmin
54%
Mona
54%
rents-pa
54%
briques
53%
fait
53%
ras
53%
une
53%
d'fois
52%
encore
52%
pêché
52%
suis
52%
deuil
51%
expo
51%
Lune
51%
cassé
50%
faut
50%
j'attends
50%
quartier
50%
obligé
49%
va
49%
J'descends
47%
Fissure
46%
fois
46%
production
46%
toujours
46%
quatre
45%
Y
45%
Abusé
44%
khapta
44%
penser
44%
coeurs
43%
khalis
43%
effrité
42%
plus
42%
son
42%
l'budget
41%
nos
41%
sac
40%
dix
38%
j'danse
38%
bébé
37%
d'penser
35%
rempli
35%
bibi
34%
Détrompes
34%
aies
33%
j'te
33%
m'situes
33%
noeud
33%
parles
33%
biff
31%
Reviens
31%
gorge
29%
sciemment
29%
bord
28%
hyènes
28%
Ici
24%
sautent
24%
d'lovés
20%
essaies
17%
est-c'que
15%
leur
5%
Aucun quiz correspondant
Distribution des résultats
% des personnes avec chaque résultat
Percentile par nombre de réponses
Votre historique - résultats
Vous n’avez pas pris ce quiz